Digital planet : (Record no. 5987)
[ view plain ]
| 000 -LEADER | |
|---|---|
| fixed length control field | 01707cam a22003494a 4500 |
| 003 - CONTROL NUMBER IDENTIFIER | |
| control field | OSt |
| 005 - DATE AND TIME OF LATEST TRANSACTION | |
| control field | 20260302173206.0 |
| 008 - FIXED-LENGTH DATA ELEMENTS--GENERAL INFORMATION | |
| fixed length control field | 110222s2012 maua b 001 0 eng |
| 020 ## - INTERNATIONAL STANDARD BOOK NUMBER | |
| International Standard Book Number | 9781292021065 |
| 035 ## - SYSTEM CONTROL NUMBER | |
| System control number | (OCoLC)857281197 |
| 040 ## - CATALOGING SOURCE | |
| Transcribing agency | ALUPE UNIVERSITY |
| 050 00 - LIBRARY OF CONGRESS CALL NUMBER | |
| Classification number | QA76 |
| Item number | .B33 2014 |
| 100 1# - MAIN ENTRY--PERSONAL NAME | |
| Personal name | Beekman, George. |
| 245 10 - TITLE STATEMENT | |
| Title | Digital planet : |
| Remainder of title | tomorrow's technology and you / |
| Statement of responsibility, etc. | George Beekman, Ben Beekman. |
| 250 ## - EDITION STATEMENT | |
| Edition statement | 10th ed. |
| 260 ## - PUBLICATION, DISTRIBUTION, ETC. | |
| Place of publication, distribution, etc. | Harlow : |
| Name of publisher, distributor, etc. | Pearson, |
| Date of publication, distribution, etc. | c2014. |
| 300 ## - PHYSICAL DESCRIPTION | |
| Extent | pages |
| 336 ## - CONTENT TYPE | |
| Content type term | text |
| Content type code | txt |
| Source | rdacontent |
| 337 ## - MEDIA TYPE | |
| Media type term | unmediated |
| Media type code | n |
| Source | rdamedia |
| 338 ## - CARRIER TYPE | |
| Carrier type term | volume |
| Carrier type code | nc |
| Source | rdacarrier |
| 500 ## - GENERAL NOTE | |
| General note | "Pearson new international edition." |
| 504 ## - BIBLIOGRAPHY, ETC. NOTE | |
| Bibliography, etc. note | Includes bibliographical references and index. |
| 505 0# - FORMATTED CONTENTS NOTE | |
| Formatted contents note | 1 Exploring Our Digital Planet 2 Hardware Basics: Inside the Box 3 Hardware Basics: Peripherals 4 Software Basics: The Ghost in the Machine 5 Productivity Applications 6 Graphics, Digital Media, and Multimedia 7 Database Applications and Privacy Implications 8 Networking and Digital Communication 9 The Evolving Internet 10 Computer Security and Risks 11 Computers at Work, School, and Home 12 Information Systems in Business 13 E-Commerce and E-Business The Evolving Internet Economy 14 Systems Design and Development 15 Is Artificial Intelligence Real? Appendix A Basics |
| 650 #0 - SUBJECT ADDED ENTRY--TOPICAL TERM | |
| Topical term or geographic name entry element | Computer science. |
| 650 #0 - SUBJECT ADDED ENTRY--TOPICAL TERM | |
| Topical term or geographic name entry element | Information technology. |
| 650 #0 - SUBJECT ADDED ENTRY--TOPICAL TERM | |
| Topical term or geographic name entry element | Information society. |
| 700 1# - ADDED ENTRY--PERSONAL NAME | |
| Personal name | Beekman, Ben. |
| 906 ## - LOCAL DATA ELEMENT F, LDF (RLIN) | |
| a | 7 |
| b | cbc |
| c | orignew |
| d | 1 |
| e | ecip |
| f | 20 |
| g | y-gencatlg |
| 942 ## - ADDED ENTRY ELEMENTS (KOHA) | |
| Source of classification or shelving scheme | |
| Koha item type | Book |
| Edition | 10th |
No items available.